Concrete technology (Record no. 3661)

MARC details
000 -LEADER
fixed length control field 00359nam a22001457a 4500
008 - FIXED-LENGTH DATA ELEMENTS--GENERAL INFORMATION
fixed length control field 250524b |||||||| |||| 00| 0 eng d
020 ## - INTERNATIONAL STANDARD BOOK NUMBER
ISBN 8121903483
100 ## - MAIN ENTRY--AUTHOR
Author Shetty, M.S.
245 ## - TITLE STATEMENT
Title Concrete technology
260 ## - PUBLICATION, DISTRIBUTION, ETC. (IMPRINT)
Place of publication New Delhi
Name of publisher Sichand & compamy ltd
Date of publication 2004
300 ## - COLLATION
Pagination xxv, 525p.
Other physical details ill.
650 ## - TRACINGS
Main Subject Concrete
942 ## - ADDED ENTRY ELEMENTS (KOHA)
Item type Books
050 ## - LIBRARY OF CONGRESS CALL NUMBER
Classification number TA439
Item number .S54
Holdings
Source of classification or shelving scheme Not for loan Permanent location Current location Date acquired Accession No. Full call number Barcode. Koha item type
Library of Congress Classification   Engineering Library Engineering Library 05/24/2025 2023/61049 TA439.S54 2025-2166 Books